| 000 | 00000nam 2200000zi 4500 |
| 001 | 9.947223 |
| 003 | CaOODSP |
| 005 | 20250121163403 |
| 006 | m o d f |
| 007 | cr bn||||||||| |
| 008 | 250121e198008##abcabd ob f000 0 eng d |
| 040 | |aCaOODSP|beng|erda|cCaOODSP |
| 043 | |an-cn-ab |
| 086 | 1 |aEn40-248/122E-PDF |
| 100 | 1 |aWallis, Peter Malcom, |eauthor. |
| 245 | 14|aThe assimilative capacity of the Athabasca River for organic compounds / |cby P. Wallis, E. Peake, M. Strosher, B. Baker, S. Telang for Alberta Oil Sands Environmental Research Program. |
| 264 | 1|aEdmonton, Alberta : |bAlberta Oil Sands Environmental Research Program, |cAugust 1980. |
| 300 | |a1 online resource (xx, 106 pages) : |billustrations, maps, charts. |
| 336 | |atext|btxt|2rdacontent |
| 337 | |acomputer|bc|2rdamedia |
| 338 | |aonline resource|bcr|2rdacarrier |
| 490 | 1 |aAOSERP report ; |v122 |
| 500 | |aDigitized edition from print [produced by Environment and Climate Change Canada]. |
| 500 | |a"Project WS 2.3.2." |
| 504 | |aIncludes bibliographical references (pages 87-93). |
| 520 | |a"The assimilative capacity of the Athabasca River has been defined as the ability of the river to respond to effluent loading and still maintain its productivity and diversity. In order to estimate the assimilative capacity, it is necessary to understand the processes of degradation, the amounts and types of effluent which reach the river, and seasonal effects. In order to do this, a working conceptual model of the river must be established and built up to the point where predictions of the effects of effluent loading can be made"--Executive summary. |
| 650 | 0|aOrganic water pollutants|xBiodegradation|zAlberta|zAthabasca River. |
| 650 | 0|aWater quality|zAlberta|zAthabasca River. |
| 650 | 6|aPolluants organiques de l'eau|xBiodégradation|zAlberta|zAthabasca, Rivière. |
| 650 | 6|aEau|xQualité|zAlberta|zAthabasca, Rivière. |
| 651 | 0|aAthabasca River (Alta.) |
| 651 | 6|aAthabasca, Rivière (Alb.) |
| 710 | 2 |aAlberta Oil Sands Environmental Research Program, |eissuing body. |
| 710 | 1 |aAlberta. |bAlberta Environment, |eissuing body. |
| 830 | #0|aAOSERP report ;|v122.|w(CaOODSP)9.938755 |
| 856 | 40|qPDF|s3453 KB|uhttps://publications.gc.ca/collections/collection_2025/eccc/en40/En40-248-122-eng.pdf |